| 000 | 01111nmm a2200397 a 4500 | ||
|---|---|---|---|
| 003 | AR-BaBNM | ||
| 005 | 20251128210137.0 | ||
| 008 | 041020s1997 ||||||||||||||000 | spa|| | ||
| 020 | _a968-444-180-0 | ||
| 040 | _cAR-BaBNM | ||
| 100 | 1 | _aSantiago, María de Lourdes | |
| 245 | 1 | 0 |
_aEtimologías _bintroducción a la historia del léxico español |
| 250 | _a1ª ed. | ||
| 260 |
_aMéxico, D.F. _bLongman de México Editores _c1997 |
||
| 300 | 0 | _a250 p. | |
| 500 | 0 | _aContiene referencias bibliográficas al final de la obra | |
| 650 | 4 | _aLINGUISTICA | |
| 650 | 4 | _aLINGUISTICA COMPARATIVA Y DIACRONICA | |
| 650 | 4 | _aCAMBIO LINGUISTICO | |
| 650 | 4 | _aESPANOL | |
| 650 | 4 | _aLATIN | |
| 650 | 4 | _aGRIEGO | |
| 650 | 4 | _aMORFOLOGIA [LINGUISTICA] | |
| 650 | 4 | _aSINTAXIS | |
| 650 | 4 | _aETIMOLOGIA | |
| 650 | 4 | _aINVESTIGACION LINGUISTICA | |
| 650 | 4 | _aFILOLOGIA | |
| 650 | 4 | _aSEMANTICA | |
| 650 | 4 | _aLENGUAS INDOEUROPEAS | |
| 650 | 4 | _aLENGUAS AMERINDIAS | |
| 653 | 0 | _aHISTORIA DE LA LENGUA | |
| 700 | 1 | _aLópez Chávez, Juan | |
| 700 | 1 | _aDakin, Karen | |
| 942 | _cBK | ||
| 998 | _cMARTIN | ||
| 999 |
_c14233 _d14233 |
||